Youth's marriage problems. (Record no. 17032)

000 -LEADER
fixed length control field 00482nam a2200169 a 4500
001 - CONTROL NUMBER
control field :::00020459$&:&@@
003 - CONTROL NUMBER IDENTIFIER
control field OkBaRHE
005 - DATE AND TIME OF LATEST TRANSACTION
control field 20020307124107.0
008 - FIXED-LENGTH DATA ELEMENTS--GENERAL INFORMATION
fixed length control field s1947 j 000 0 eng u
040 ## - CATALOGING SOURCE
Transcribing agency
100 1# - MAIN ENTRY--PERSONAL NAME
Personal name Murray, Alfred L.
245 10 - TITLE STATEMENT
Title Youth's marriage problems.
260 ## - PUBLICATION, DISTRIBUTION, ETC. (IMPRINT)
Place of publication, distribution, etc Grand Rapids, MI
Name of publisher, distributor, etc Zondervan
Date of publication, distribution, etc 1947
300 ## - PHYSICAL DESCRIPTION
Extent 182 p.
942 ## - ADDED ENTRY ELEMENTS (KOHA)
Source of classification or shelving scheme
Koha item type Books
Copies
Source of classification or shelving scheme Shelving location Not for loan Copy number Date last seen Date acquired Barcode Withdrawn status Damaged status Koha item type Full call number Price effective from Lost status Permanent Location
 General Stacks 12010-04-142010-04-1420459  BooksHQ 734 .M892010-04-14 RHEMA Bible Training College